BIBLIOTHÈQUE DE LA MAISON DU MEXIQUE

Logo 1 Logo 2

La ciudad sobre el lago (notice nᵒ 2808)

détails MARC
000 -Sello discográfico
campo de control de longitud fija 00867nam a2200277 4500
005 - Identificación de versión
campo de control 20251017062735.0
035 ## - Otros números de control del sistema
Número de control del sistema 23967
099 ## - fechas locales
Tipo de ítem Koha LIBRO
100 ## - Datos de procesamiento general
Datos de procesamiento general 19980217d1949 m y1spay5003 ba
105 ## - Campo de datos codificados: Material textual, monográfico
Datos codificados de monografía y 001ay
200 1# - Título y mención de responsabilidad
Título propio La ciudad sobre el lago
Designación general del material texto impreso
Otra información del título biografía de una ciudad
Primer mención de responsabilidad Pablo María Fonsalba [Seudónimo]
210 ## - Publicación, distribución, etc.
Lugar de publicación, distribución, etc. México
Nombre del editor, distribuidor, etc. Editorial Stylo
Fecha de publicación, distribución, etc. 1949
215 ## - Descripción física
Designación de material específico y extensión del ítem 300 p
Dimensiones 19 cm
345 ## - Nota de información de adquisición
Fuente de adquisición/dirección de la suscripción [OBSOLETO] Donación
606 ## - Término temático usado como materia
Elemento de entrada Novela mexicana
Subdivisión cronológica Siglo XX
Número Koha 64
607 ## - Nombre geográfico utilizado como tema
Elemento de entrada México
Subdivisión temática Descripción y viajes
-- Novela
Número Koha 6145
660 ## - Código de área geográfica
Código MX
700 ## - Nombre personal - Responsabilidad primaria
Elemento de entrada Izquierdo Albiñana
Parte del nombre distinta del elemento de entrada Asunción
Fechas 1910-1978
Adiciones a los nombres que no sean fechas Alba Sandoiz
Número Koha 6146
801 #0 - Fuente de origen
Agencia cm
900 ## -
-- 1/15936
900 ## -
-- 710987504\\170298
942 ## - ELEMENTOS DE ENTRADA SECUNDARIOS (KOHA)
Tipo de ítem Koha Livre
996 ## -
-- MEX
-- 751145101
-- MMAG
-- 011787
-- 863.4 F676C
-- 20241128LIV
Exemplaires
Estatus retirado Estado de daño Estado de pérdida Fecha de adquisición Biblioteca de origen Biblioteca actual Ubicación en estantería Código de barras Precio de reemplazo Signatura topográfica completa No para préstamo Tipo de ítem Koha Nota pública Nota no pública
      05/08/2025 Casa México Paris Casa México Paris   011787 05/08/2025 863.4 F676C   Livre 20241128LIV 751145101